[Event "Corporation Centre Cup A"]
[Site "Izhevsk RUS"]
[Date "2012.07.16"]
[Round "2"]
[White "Ovetchkin,R"]
[Black "Poniaev,R"]
[Result "1-0"]
[WhiteElo "2501"]
[BlackElo "2300"]

1.d4 d5 2.c4 c6 3.Nf3 Nf6 4.Qc2 dxc4 5.e4 b5 6.b3 cxb3 7.axb3 e6 8.Bd2 a5
9.Bd3 Bb7 10.O-O Nbd7 11.Nc3 b4 12.Na4 h6 13.Rfe1 Rc8 14.Bc4 Be7 15.Rad1 Qc7
16.h3 c5 17.d5 e5 18.Nh4 g6 19.Qc1 Ng8 20.Nf3 Kf8 21.Bb5 Nb8 22.Nb2 Bd6 23.Nc4 a4
24.Bxa4 Ba6 25.Nfxe5  1-0

[Event "ch-SUI Hauptturnier 1 2012"]
[Site "Flims SUI"]
[Date "2012.07.17"]
[Round "6"]
[White "Cherniaev,A1"]
[Black "Misiano,F"]
[Result "1/2-1/2"]
[WhiteElo "2484"]
[BlackElo "2271"]

1.Nf3 d5 2.d4 Nf6 3.c4 c6 4.Nbd2 e6 5.g3 Be7 6.Bg2 O-O 7.O-O b6 8.Qc2 Bb7
9.b3 Nbd7 10.Bb2 Rc8 11.e4 c5 12.e5 Ne8 13.Rfd1 Nc7 14.h4 h6 15.Rac1 b5 16.b4 bxc4
17.bxc5 Na6 18.Bc3 Bc6 19.Nf1 Naxc5 20.dxc5 Nxc5 21.Rd4 Ne4 22.Rxe4 dxe4
23.Nd4 Bd5 24.Ne3 Bc5 25.Bxe4 Bxe4 26.Qxe4 Rc7 27.Ba5 Bb6 28.Bxb6 axb6 29.Rxc4 Rxc4
30.Nxc4 Qa8 31.Nc6 Qxa2 32.Nd6 f5 33.Qe3 Qb1+ 34.Kh2 Ra8 35.Qf3 Ra2 36.Ne7+ Kf8
37.Ng6+ Kg8 38.Ne7+ Kf8 39.Ng6+ Kg8 40.Ne7+  1/2-1/2

[Event "35th Taminco Open"]
[Site "Ghent BEL"]
[Date "2012.07.18"]
[Round "9.15"]
[White "Talon,A"]
[Black "Hamblok,R"]
[Result "1/2-1/2"]
[WhiteElo "2036"]
[BlackElo "2256"]

1.Nf3 d5 2.d4 Nf6 3.Nbd2 c6 4.c4 Bf5 5.Nh4 Bg6 6.Qb3 Qc7 7.Nxg6 hxg6 8.g3 e6
9.Bg2 Nbd7 10.Nf3 Qb6 11.c5 Qxb3 12.axb3 a6 13.b4 Rc8 14.Bf4 Be7 15.O-O Nh5
16.Bd2 Bd8 17.Bc3 Nhf6 18.Nd2 g5 19.Nb3 g4 20.Nd2 Bc7 21.f4 Rh5 22.e4 Nxe4
23.Nxe4 dxe4 24.Bxe4 Nf6 25.Bd3 g6 26.Rfe1 Kd7 27.Re2 Nd5 28.Rf1 Rch8 29.Rff2 Rh3
30.Be4 R3h5 31.Bd3 Bd8 32.Re4 R8h7 33.Re5 Rh3 34.Bf1 R3h6 35.Bd3 Bc7 36.Ree2 Rh5
37.Be4 Bb8 38.Bd3 Rh3 39.Be4 R7h5 40.Bg2 Rxh2 41.Bxd5 Rxf2 42.Bxe6+ Ke7 43.Bxg4+ Rxe2
44.Bxe2 Rd5 45.Bf3 Rd7 46.Kg2 Bc7 47.Kf2 f6 48.Be4 f5  1/2-1/2

[Event "Corporation Centre Cup A"]
[Site "Izhevsk RUS"]
[Date "2012.07.18"]
[Round "4.24"]
[White "Nasybullina,Alfia"]
[Black "Nikologorskiy,K"]
[Result "0-1"]
[WhiteElo "2028"]
[BlackElo "2364"]

1.d4 d5 2.c4 c6 3.Nf3 Nf6 4.Qb3 dxc4 5.Qxc4 Bg4 6.Nc3 Nbd7 7.e4 Bxf3 8.gxf3 e5
9.dxe5 Nxe5 10.Qe2 b5 11.Bg5 Bb4 12.Qe3 O-O 13.Be2 Qd6 14.Rd1 Qe6 15.a3 Ba5
16.Qc5 Rfd8 17.Rxd8+ Bxd8 18.f4 Nfd7 19.Qe3 Bxg5 20.fxg5 Nc4 21.Bxc4 Qxc4
22.Qe2 Qc5 23.Qe3 Qe7 24.f4 Nb6 25.O-O Nc4 26.Qf2 Rd8 27.Re1 Rd2 28.Re2 Rd3
29.e5 Nxa3 30.Ne4 Nc4 31.Nc5 Rd5 32.Ne4 Qd7 33.Qf3 Rd3 34.e6 fxe6 35.Qg4 Ne3
36.Qg3 Qd4  0-1

[Event "27th Gniota Memorial"]
[Site "Police POL"]
[Date "2012.07.18"]
[Round "8.2"]
[White "Vysochin,S"]
[Black "Musialkiewicz,J"]
[Result "1/2-1/2"]
[WhiteElo "2533"]
[BlackElo "2189"]

1.d4 d5 2.Nf3 Nf6 3.c4 c6 4.Qb3 dxc4 5.Qxc4 Bf5 6.Nc3 e6 7.g3 Be7 8.Bg2 Nbd7
9.O-O O-O 10.Qb3 Qb6 11.Nd2 Qxb3 12.Nxb3 e5 13.Bg5 Be6 14.Bxf6 Nxf6 15.dxe5 Ng4
16.Nd4 Nxe5 17.Nxe6 fxe6 18.Bh3 Kf7 19.b3 h6 20.f4 Nd7 21.e4 Rad8 22.Rad1 Bb4
23.Ne2 Nf6 24.e5 Bc5+ 25.Kg2 Nd5 26.Kf3 Ke7 27.Ke4 Ne3 28.Rxd8 Rxd8 29.Rc1 Bb6
30.Kf3 Rd3 31.Rc3 Rxc3 32.Nxc3 Nc2 33.Ne4 Nb4 34.a4 Nc2 35.a5 Nd4+ 36.Ke3 Nf5+
37.Kd3 Bxa5 38.Bxf5 exf5 39.Nd6 Ke6 40.Nxb7 Bb6 41.Ke2 Bc7 42.Kf3 g5 43.Nc5+ Kd5
44.Nd7 Ke6 45.Nf6 Kf7 46.h3 Bd8 47.Nh5 a5 48.g4 c5 49.Ng3 fxg4+ 50.hxg4 Ke6
51.Ne4 gxf4 52.Nxc5+ Kxe5 53.b4 axb4 54.Nd3+ Kf6 55.Nxb4 Kg5  1/2-1/2

[Event "27th Gniota Memorial"]
[Site "Police POL"]
[Date "2012.07.19"]
[Round "9.6"]
[White "Hnydiuk,A"]
[Black "Musialkiewicz,P"]
[Result "1/2-1/2"]
[WhiteElo "2427"]
[BlackElo "2090"]

1.d4 d5 2.c4 c6 3.Nf3 Nf6 4.Qc2 dxc4 5.Qxc4 Bf5 6.g3 e6 7.Bg2 Nbd7 8.O-O Be7
9.e3 O-O 10.Rd1 h6 11.Qe2 Qb6 12.Nbd2 Ne4 13.Nxe4 Bxe4 14.Ne5 Nxe5 15.Bxe4 Nd7
16.Rb1 Rad8 17.b3 Rfe8 18.Bb2 Nf8 19.Qc4 Rd7 20.Bc3 Qd8 21.b4 e5 22.Bf5 Rd6
23.Bc2 exd4 24.Bxd4 a6 25.Be5 Rxd1+ 26.Rxd1 Qc8 27.Qc3 Qg4 28.Rd4 Qh3 29.Rf4 Bg5
30.Bf5 Qh5 31.g4 Qh3 32.Rc4 Rd8 33.Rd4 Re8 34.Rd3 Qf3 35.Bxg7 Bh4 36.Rd2 Rd8
37.Bd4 Ne6 38.Bxe6 fxe6 39.Qc4 Qxg4+ 40.Kf1 Rf8 41.Qc5 Qh3+ 42.Ke1 Qxh2 43.Kd1 Rxf2
44.Rxf2 Qg1+ 45.Kc2 Qxf2+ 46.Kb3 Qf3 47.Qa7 Qd1+ 48.Kb2 Qd2+ 49.Kb3 Qd3+
50.Kb2 Qd2+  1/2-1/2

[Event "16th Battle of Senta Open A"]
[Site "Senta SRB"]
[Date "2012.07.20"]
[Round "8.2"]
[White "Balog,I1"]
[Black "Nadj Hedjesi,B"]
[Result "1-0"]
[WhiteElo "2542"]
[BlackElo "2381"]

1.d4 d5 2.c4 c6 3.Nf3 Nf6 4.Qc2 g6 5.Bf4 Bg7 6.e3 O-O 7.Nc3 Bf5 8.Bd3 Bxd3
9.Qxd3 Nbd7 10.O-O dxc4 11.Qxc4 Nh5 12.Bg5 h6 13.Bh4 g5 14.Bg3 Nxg3 15.hxg3 e5
16.Rfd1 exd4 17.Nxd4 Ne5 18.Qe2 Qc8 19.Qc2 f5 20.Qb3+ Kh8 21.Ne6 Re8 22.Nxg7 Kxg7
23.Ne2 Re7 24.Rd6 Qg8 25.Nd4 Qf7 26.Rc1 Rae8 27.Rc5 b6 28.Rc2 c5 29.Qxf7+ Rxf7
30.Nb5 f4 31.gxf4 gxf4 32.exf4 Rxf4 33.Rd1 Kh7 34.g3 Rf7 35.Kg2 Rg8 36.Rcd2 a6
37.Nd6 Rd7 38.Ne4 Rf7 39.Rd6 Ng4 40.Rxb6 Re8 41.Re1 Kg7 42.f3 Nf6 43.Rxa6  1-0

[Event "23rd Czech Open A"]
[Site "Pardubice CZE"]
[Date "2012.07.21"]
[Round "2.20"]
[White "Ivanov,Ol UKR"]
[Black "Reinhart,E"]
[Result "1-0"]
[WhiteElo "2506"]
[BlackElo "2347"]

1.Nf3 c6 2.c4 d5 3.d4 Nf6 4.Qb3 dxc4 5.Qxc4 Bf5 6.g3 e6 7.Bg2 Nbd7 8.O-O Be7
9.Qb3 Qb6 10.Nbd2 O-O 11.Nc4 Qa6 12.Bf4 Nd5 13.Bd6 Rfd8 14.Nfe5 N7b6 15.Bc5 Nxc4
16.Nxc4 b6 17.Bxe7 Nxe7 18.Rfd1 Rac8 19.Rac1 h6 20.e4 Bg6 21.Ne5 Qb7 22.f4 Rf8
23.g4 f6 24.Qxe6+ Kh8 25.Qxe7  1-0

[Event "23rd Czech Open A"]
[Site "Pardubice CZE"]
[Date "2012.07.21"]
[Round "2.21"]
[White "Strunski,A"]
[Black "Hasangatin,R"]
[Result "0-1"]
[WhiteElo "2366"]
[BlackElo "2504"]

1.Nf3 d5 2.d4 c6 3.c4 dxc4 4.e3 Be6 5.a4 Nf6 6.Nc3 g6 7.Ng5 Bd5 8.e4 h6 9.exd5 hxg5
10.dxc6 Nxc6 11.d5 Na5 12.Bxg5 Bh6 13.f4 Qb6 14.Qe2 O-O-O 15.O-O-O Qc5 16.Ne4 Nxe4
17.Qxe4 Bxg5 18.fxg5 e6 19.d6 Rxd6 20.Rxd6 Qxd6 21.Bxc4 Qc5 22.b3 Nxb3+ 23.Kb2 Nd2
24.Bxe6+ fxe6 25.Qxe6+ Kb8  0-1

[Event "27th Avoine Open"]
[Site "Avoine FRA"]
[Date "2012.07.22"]
[Round "2.42"]
[White "Heurtebize,C"]
[Black "Julien,C"]
[Result "1-0"]
[WhiteElo "2106"]
[BlackElo "1912"]

1.d4 d5 2.c4 c6 3.Nf3 Nf6 4.Qc2 Bg4 5.Ne5 Bh5 6.cxd5 Qxd5 7.e3 Nfd7 8.Nc3 Qa5
9.b4 Qc7 10.Nxd7 Nxd7 11.Qb3 e5 12.d5 a5 13.bxa5 Qxa5 14.Bd2 Bb4 15.Rb1 Bxc3
16.Bxc3 Qxd5 17.Qxd5 cxd5 18.Rxb7 Bg4 19.Bb5 f6 20.O-O Kd8 21.Bc6 Ra6 22.Bxd5 Rb6
23.Ba5  1-0

[Event "ch-AUT 2012"]
[Site "Zwettl AUT"]
[Date "2012.07.22"]
[Round "2.15"]
[White "Knoll,H"]
[Black "Gratze,M"]
[Result "1-0"]
[WhiteElo "2313"]
[BlackElo "2020"]

1.d4 d5 2.Nf3 c6 3.c4 Nf6 4.Nbd2 g6 5.e3 Bg7 6.Bd3 O-O 7.Qc2 Na6 8.a3 Nc7
9.O-O Nd7 10.e4 dxe4 11.Nxe4 Ne6 12.Be3 Nb6 13.Rad1 Qc7 14.Qc1 Rd8 15.Be2 Bd7
16.Nc5 Nxc5 17.dxc5 Na4 18.Bd4 e5 19.Be3 e4 20.Bf4 Qc8 21.Ng5 Nxc5 22.Qe3 Ne6
23.Nxe4 Nxf4 24.Qxf4 Bf5 25.Nd6 Qe6 26.Nxf5 Qxf5 27.Qxf5 gxf5 28.b3 Bd4 29.Rd3 c5
30.Rfd1 a5 31.Bf3 Ra7 32.Bd5 Re8 33.Rf3 Re5 34.g3 b5 35.Rdd3 b4 36.a4 Rae7
37.Kg2 Kg7 38.Rf4 Kg6 39.Rdf3 Re1 40.Rxf5 f6 41.R5f4 h5 42.Rd3 Rc1 43.Be4+ Kg7
44.Kf3 Rc3 45.g4 Re5 46.gxh5 Rxh5 47.Rxc3 Rh3+ 48.Kg4 Rxc3 49.Rf3 Rxf3 50.Kxf3 Kh6
51.Kg3 Be5+ 52.f4 Bd4 53.Kg4 Kg7 54.Kf5 Bg1 55.h3 Bh2 56.Bd5 Bg3 57.Be6 Kf8
58.Kxf6 Bxf4 59.h4 Be3 60.Bg4 Ke8 61.Ke6 Kd8 62.Kd6 Bf2 63.h5 Be3 64.Kc6 Ke7
65.Kb6 Kd6 66.Kxa5 Kc6 67.Bf3+ Kc7 68.Kb5 Kb8 69.Kb6 Bd4 70.a5  1-0

[Event "45th Biel Masters Open"]
[Site "Biel SUI"]
[Date "2012.07.23"]
[Round "1"]
[White "Roiz,M"]
[Black "Hasenohr,B"]
[Result "1-0"]
[WhiteElo "2615"]
[BlackElo "2141"]

1.Nf3 d5 2.d4 Nf6 3.c4 c6 4.Qb3 e6 5.Bg5 Nbd7 6.Nc3 Be7 7.e3 O-O 8.Bd3 b6
9.cxd5 Nxd5 10.Bxe7 Nxe7 11.Ne4 Qc7 12.Rc1 Bb7 13.O-O Rac8 14.Qa3 Nf5 15.h3 c5
16.dxc5 bxc5 17.Rfd1 Rfd8 18.Bb1 Ne5 19.Nxe5 Qxe5 20.Qxc5 Qb8 21.Rxd8+ Rxd8
22.Nc3 Nh4 23.Bxh7+ Kxh7 24.Qh5+ Kg8 25.Qxh4 Rd2 26.Rd1 Rxd1+ 27.Nxd1 Qd6
28.Qd4 Qc6 29.Qd8+ Kh7 30.Qd3+ Kg8 31.f3 Qc1 32.b3 a6 33.Kf2 Bc6 34.Qxa6 Bxf3
35.Kxf3 Qxd1+ 36.Kf2  1-0

[Event "45th Biel Masters Open"]
[Site "Biel SUI"]
[Date "2012.07.23"]
[Round "1"]
[White "Kleibaumhueter,K"]
[Black "Avrukh,B"]
[Result "0-1"]
[WhiteElo "2140"]
[BlackElo "2605"]

1.Nf3 d5 2.d4 Nf6 3.c4 c6 4.Qb3 dxc4 5.Qxc4 Bg4 6.Nbd2 Nbd7 7.g3 e6 8.Bg2 Be7
9.Qb3 Qb6 10.O-O O-O 11.h3 Bh5 12.g4 Bg6 13.Qxb6 axb6 14.Nc4 Be4 15.Bg5 b5
16.Nfe5 Nxe5 17.Nxe5 Bxg2 18.Kxg2 Ra4 19.e3 b4 20.Nd7 Rd8 21.Nb6 Ra6 22.Nc4 Rda8
23.a3 b5 24.Ne5 bxa3 25.bxa3 Bxa3 26.Ra2 Ne4 27.Bh4 b4 28.Rc2 b3  0-1

[Event "23rd Czech Open A"]
[Site "Pardubice CZE"]
[Date "2012.07.23"]
[Round "4.46"]
[White "Korotkjevich,S"]
[Black "Cuhra,M"]
[Result "1/2-1/2"]
[WhiteElo "2401"]
[BlackElo "2216"]

1.d4 d5 2.Nf3 Nf6 3.c4 c6 4.Qc2 e6 5.e3 Be7 6.Nc3 O-O 7.Bd3 Nbd7 8.O-O a6
9.a4 c5 10.cxd5 exd5 11.a5 c4 12.Be2 b5 13.axb6 Nxb6 14.Ne5 Bb7 15.b3 Nfd7
16.Nxd7 Qxd7 17.bxc4 Nxc4 18.Rb1 Rab8 19.e4 Rfc8 20.exd5 Na3 21.Bxa3 Bxa3
22.Qb3 Bd6 23.h3 a5 24.Qb5 Qd8 25.Qb6 Qxb6 26.Rxb6 Bb4 27.Rxb7 Rxb7 28.Ba6 Rbb8
29.Bxc8 Bxc3 30.Bd7 Bxd4 31.Rd1 Be5 32.d6 Rd8 33.Rd5 Rxd7 34.Rxe5 f6  1/2-1/2

[Event "23rd Czech Open A"]
[Site "Pardubice CZE"]
[Date "2012.07.25"]
[Round "6.69"]
[White "Mukashev,A"]
[Black "Reinhart,E"]
[Result "1-0"]
[WhiteElo "2217"]
[BlackElo "2347"]

1.d4 c6 2.c4 d5 3.Nf3 Nf6 4.Qb3 dxc4 5.Qxc4 Bf5 6.Nc3 Nbd7 7.g3 Nb6 8.Qb3 Bg4
9.Ne5 Be6 10.Qd1 g6 11.Bg2 Bg7 12.O-O O-O 13.e4 Qc8 14.Be3 Bh3 15.Qe2 Bxg2
16.Kxg2 Qe6 17.f3 Nfd7 18.Nd3 Rfd8 19.Rac1 Nf8 20.d5 cxd5 21.Nf4 Qe5 22.Bxb6 axb6
23.Nfxd5 e6 24.Nxb6 Ra6 25.Nc4 Qc5 26.Ne3 Qa5 27.Rfd1 Rb8 28.a3 Qb6 29.f4 Bxc3
30.Rxc3 Ra4 31.e5 Rd8 32.Rxd8 Qxd8 33.Qd1 Rd4 34.Qc1 Rd2+ 35.Kh3 h5 36.Nc4 Rd1
37.Qe3 Rb1 38.Rc1 Rxc1 39.Qxc1 Qc7 40.Qc3 Nd7 41.Nd6 Qxc3 42.bxc3 b6 43.Kg2 Kf8
44.Kf3 Ke7 45.Ke4 f5+ 46.Kd4 Kd8 47.Nf7+ Kc7 48.Nh8 Nf8 49.Kc4 Kc6 50.a4 Kc7
51.Kb5 h4 52.gxh4 Kb7 53.c4 Kc7 54.c5 bxc5 55.Kxc5 Nd7+ 56.Kc4 Nf8 57.a5  1-0

[Event "TCh-CRC Premier 2012"]
[Site "San Jose CRC"]
[Date "2012.07.25"]
[Round "4.3"]
[White "Alfaro,W"]
[Black "Gonzalez,Be CRC"]
[Result "0-1"]
[WhiteElo "2169"]
[BlackElo "2413"]

1.d4 d5 2.Nf3 Nf6 3.c4 c6 4.Qb3 e6 5.g3 Be7 6.Bg2 O-O 7.O-O Nbd7 8.Nc3 b6
9.Ne5 Nxe5 10.dxe5 Nd7 11.cxd5 cxd5 12.Rd1 Ba6 13.e4 Nc5 14.Qa3 d4 15.b4 Qc8
16.Rxd4 Nd3 17.Bf1 Nxb4 18.Bxa6 Nxa6 19.Qb2 Bc5 20.Rd1 Qc6 21.Bf4 Bb4 22.Ne2 Qxe4
23.Rd4 Qf3 24.Be3 Bc5 25.Rf4 Qd5 26.Bxc5 Nxc5 27.Qc3 Rac8 28.Qe3 Qd3 29.Qxd3 Nxd3
30.Re4 Rfd8 31.Rd1 Rd5 32.Re3 Nb4 33.Rxd5 Nxd5 34.Ra3 a5 35.Nf4 Nxf4 36.gxf4 Rc4
37.Rb3 Rxf4 38.Rxb6 g5 39.Kf1 Ra4 40.Rb2 Kg7 41.Re2 Kg6 42.Ke1 Kf5 43.Kd1 Re4
44.Rxe4 Kxe4 45.Kc2 Kf3  0-1

[Event "30th Andorra Open"]
[Site "Erts-La Massana AND"]
[Date "2012.07.26"]
[Round "6.11"]
[White "Zoler,D"]
[Black "Torres,Ju2"]
[Result "1-0"]
[WhiteElo "2527"]
[BlackElo "2306"]

1.d4 d5 2.c4 c6 3.Nf3 Nf6 4.Qb3 Qb6 5.Qc2 Bg4 6.Nbd2 e6 7.e3 Bf5 8.Bd3 Bxd3
9.Qxd3 Nbd7 10.O-O Be7 11.Rb1 a5 12.e4 dxe4 13.Nxe4 Nxe4 14.Qxe4 O-O 15.Be3 Nf6
16.Qc2 Qc7 17.h3 Rfd8 18.Rfd1 h6 19.Rd3 Bd6 20.Rc1 Qb8 21.a4 b5 22.Rb3 b4
23.Re1 Qc7 24.Qc1 Kh7 25.Rd3 c5 26.Red1 cxd4 27.Nxd4 Be7 28.Qc2 Kg8 29.b3 Qb7
30.Nb5 Rxd3 31.Rxd3 Ne4 32.Qd1 Nc5 33.Rd2 Qc6 34.Kf1 Rf8 35.Bxc5 Qxc5 36.Rd7 Bf6
37.Qd3 Qe5 38.g3 h5 39.Kg2 h4 40.g4 g5 41.Qe3 Qxe3 42.fxe3 Rc8 43.Nd6 Rf8
44.c5 Be5 45.Nc4 Bg3 46.Nxa5 f5 47.Kf3 fxg4+ 48.Kxg4 Rf5 49.Nb7 Re5 50.a5 Rxe3
51.a6 Bb8 52.c6  1-0

[Event "PAB Romania Open 2012"]
[Site "Arad ROU"]
[Date "2012.07.27"]
[Round "3.39"]
[White "Cordea,D"]
[Black "Zlatariu,M"]
[Result "1-0"]
[WhiteElo "2030"]
[BlackElo "1844"]

1.d4 d5 2.c4 c6 3.Nf3 Nf6 4.g3 e6 5.Bg2 Be7 6.O-O O-O 7.b3 Nbd7 8.Bb2 Ne4
9.Nfd2 Nd6 10.c5 Ne8 11.e4 dxe4 12.Nxe4 Nef6 13.Nbd2 Nxe4 14.Nxe4 Nf6 15.Qe2 Nxe4
16.Qxe4 Bf6 17.b4 Qc7 18.a4 Bd7 19.Bc3 Rfd8 20.Rfd1 Be8 21.Rab1 a6 22.h4 Rd7
23.Bf3 Rad8 24.h5 Re7 25.h6 g6 26.Qe3 e5 27.dxe5 Rxd1+ 28.Rxd1 Bxe5 29.Bxe5 Qxe5
30.Qc1 Qf6 31.Kg2 g5 32.Rd6 Re6 33.Bg4 Rxd6 34.cxd6 Qxd6 35.Qxg5+ Qg6 36.Qe7 Qxh6
37.Qxe8+ Kg7 38.Qe5+ Kg8 39.Qb8+ Kg7 40.Qxb7 Qg5 41.Bf3 c5 42.bxc5 Qxc5 43.Qxa6 h5
44.Qb5 Qd4 45.Bxh5  1-0

[Event "PAB Romania Open 2012"]
[Site "Arad ROU"]
[Date "2012.07.27"]
[Round "8.17"]
[White "Gilea,L"]
[Black "Suciu,DS"]
[Result "1/2-1/2"]
[WhiteElo "2286"]
[BlackElo "2071"]

1.d4 Nf6 2.Nf3 d5 3.c4 c6 4.Qc2 e6 5.Nc3 Nbd7 6.Bf4 dxc4 7.e4 b5 8.Be2 Bb7
9.O-O Be7 10.Rfd1 O-O 11.a4 a6 12.Nd2 Qb6 13.b3 cxb3 14.Nxb3 Rfc8 15.a5 Qd8
16.Nc5 Ra7 17.Bf3 Ba8 18.Nb3 Qf8 19.g4 h6 20.h4 c5 21.d5 exd5 22.e5 Nh7 23.Bxd5 Bxd5
24.Nxd5 Bxh4 25.Nb6 Nxb6 26.axb6 Rb7 27.Rxa6 Bd8 28.Rd6 Ng5 29.Na5 Rxb6 30.Rdxb6 Bxb6
31.Bxg5 Bxa5 32.Bxh6 Bd8 33.Be3 Be7 34.Ra7 Ra8 35.Bxc5 Bxc5 36.Rxa8 Bxf2+
37.Kxf2 Qxa8 38.Qb3 Qc6 39.Kg3 Qc4 40.Qf3 g5 41.Kh3 b4 42.Qf6 Qd3+ 43.Kg2 Qe4+
44.Kh3 Qe3+ 45.Kg2 Qf4 46.Qd8+ Kg7 47.Qe7 Qxg4+ 48.Kf2 Kg6 49.Qf6+  1/2-1/2

[Event "Dutch Open 2012"]
[Site "Dieren NED"]
[Date "2012.07.27"]
[Round "4.3"]
[White "Raznikov,D"]
[Black "Bakre,T"]
[Result "1/2-1/2"]
[WhiteElo "2462"]
[BlackElo "2482"]

1.d4 d5 2.c4 c6 3.Nf3 Nf6 4.Qb3 e6 5.Bg5 h6 6.Bxf6 Qxf6 7.Nc3 Nd7 8.e4 dxe4
9.Nxe4 Qf5 10.Bd3 Qa5+ 11.Nc3 g6 12.c5 Bg7 13.Bxg6 O-O 14.Be4 e5 15.dxe5 Nxc5
16.Qc2 Bg4 17.O-O Nxe4 18.Qxe4 Bxf3 19.Qxf3 Qxe5 20.Rfe1 Qf6 21.Qg3  1/2-1/2

[Event "23rd Czech Open A"]
[Site "Pardubice CZE"]
[Date "2012.07.27"]
[Round "8.47"]
[White "Kobo,Ori"]
[Black "Jirka,J"]
[Result "0-1"]
[WhiteElo "2226"]
[BlackElo "2413"]

1.d4 d5 2.c4 c6 3.Nf3 Nf6 4.Qb3 dxc4 5.Qxc4 Bf5 6.g3 e6 7.Bg2 Be7 8.O-O O-O
9.e3 Nbd7 10.Rd1 Qc7 11.Nc3 Bg6 12.h3 Rac8 13.Qe2 c5 14.e4 cxd4 15.Nxd4 a6
16.Bg5 h6 17.Bh4 Bb4 18.Rac1 Qc4 19.Qe3 Bxc3 20.bxc3 Qxa2 21.e5 Nd5 22.Bxd5 exd5
23.e6 fxe6 24.Qxe6+ Kh7 25.Qe2 Qxe2 26.Nxe2 Ne5 27.Nd4 Nd3 28.Rc2 Nc5 29.Rb2 Rf7
30.f4 Be4 31.Ra1 b5 32.Ra5 Nd3 33.Rb3 b4  0-1

[Event "23rd Czech Open A"]
[Site "Pardubice CZE"]
[Date "2012.07.27"]
[Round "8.4"]
[White "Khusnutdinov,R"]
[Black "Danin,A"]
[Result "0-1"]
[WhiteElo "2503"]
[BlackElo "2525"]

1.d4 d5 2.c4 c6 3.Nf3 Nf6 4.Qb3 dxc4 5.Qxc4 Bf5 6.g3 e6 7.Bg2 Nbd7 8.O-O Be7
9.Qb3 Qb6 10.Nbd2 O-O 11.Nc4 Qa6 12.Bf4 Be4 13.Nd6 Bxd6 14.Bxd6 Rfc8 15.Qe3 Qb6
16.Ba3 c5 17.dxc5 Nxc5 18.Rac1 Ncd7 19.Qxb6 Nxb6 20.Ne5 Bxg2 21.Kxg2 Nfd7
22.Nxd7 Nxd7 23.Rfd1 Ne5 24.b3 h5 25.h3 Rxc1 26.Bxc1 Rc8 27.Bf4 Ng6 28.Be3 Rc2
29.Rd8+ Kh7 30.Rd7 Ne5 31.Rxb7 Rxa2 32.Rxa7 Rxe2 33.Rc7 f6 34.Bd4 Kg6 35.b4 Rd2
36.Bc3 Rd5 37.Kf1 Nf7 38.Re7 Rd3 39.Be1 e5 40.Ke2 Rb3 41.h4 Nd6 42.Kf1 Nf5
43.Rc7 Rb1 44.b5 Nd4 45.b6 Rxb6 46.Kg2 Rb1 47.Bd2 Rb2 48.Be3 Nf5 49.Bc1 Ra2
50.Rc3 Ra4 51.Be3 e4 52.Kh3 Rb4 53.Bc5 Rb2 54.Rc4 Re2 55.Be3 Nxe3 56.Rxe4 Kf5
57.Rf4+ Ke5 58.fxe3 Rxe3 59.Ra4 Kf5 60.Kg2 Re4 61.Ra7 g6 62.Kf3 Re5 63.Rb7 Ra5
64.Rb3 Rc5 65.Ra3 Ke5 66.Re3+ Kf5 67.Ra3 Ke6 68.Re3+ Re5 69.Ra3 g5 70.hxg5 fxg5
71.Ra8 Rb5 72.Rh8 Kf5 73.Rf8+ Kg6 74.Rg8+ Kf6 75.Rf8+ Kg7 76.Ra8 Rc5 77.Rb8 Kf6
78.Rf8+ Ke5 79.Re8+ Kd4 80.Rd8+ Rd5 81.Rf8 Kd3 82.Rf7 g4+ 83.Kf2 Ke4 84.Rf4+ Ke5
85.Ra4 Rd4 86.Ra5+ Ke4 87.Rxh5 Rd2+ 88.Ke1 Ra2 89.Rb5 Kf3 90.Rb3+ Kg2 91.Rc3 Ra8
92.Re3 Rf8 93.Ke2 Rf3 94.Re8 Kxg3 95.Rg8 Rf7 96.Ke1 Kh3 97.Ke2 g3 98.Ke3 Kh2
99.Ke2 Rf5 100.Rg7 g2 101.Rh7+ Kg1 102.Rh8 Re5+  0-1

[Event "TCh-CRC Premier 2012"]
[Site "San Jose CRC"]
[Date "2012.07.27"]
[Round "6.2"]
[White "Rodriguez,Adr CRC"]
[Black "Alfaro Rojas,A"]
[Result "1-0"]
[WhiteElo "2151"]
[BlackElo "2264"]

1.d4 d5 2.Nf3 c6 3.c4 Nf6 4.Qc2 e6 5.Bf4 Nbd7 6.e3 c5 7.Nbd2 cxd4 8.exd4 dxc4
9.Nxc4 Bb4+ 10.Bd2 Bxd2+ 11.Qxd2 O-O 12.Bd3 Nb6 13.Nce5 Qd6 14.O-O Bd7 15.Rfe1 Bc6
16.Nxc6 Qxc6 17.Qg5 Qd6 18.Qh4 Nbd5 19.Re5 g6 20.Rae1 Kg7 21.Ng5 Rfe8 22.Bc4 h6
23.Qxh6+ Kxh6 24.Nxf7+ Kg7 25.Nxd6  1-0

[Event "TCh-CRC Premier 2012"]
[Site "San Jose CRC"]
[Date "2012.07.27"]
[Round "6.2"]
[White "Jimenez Garcia,Emanuel"]
[Black "Gonzalez,Be CRC"]
[Result "0-1"]
[WhiteElo "2055"]
[BlackElo "2413"]

1.d4 d5 2.c4 c6 3.Nf3 Nf6 4.Qc2 g6 5.Nc3 dxc4 6.a4 Na6 7.Bg5 Nb4 8.Qd2 Bg7
9.e4 Bg4 10.Rd1 h6 11.Be3 Nd3+ 12.Bxd3 cxd3 13.Qxd3 Bxf3 14.gxf3 Qa5 15.Ke2 Rd8
16.Qc4 O-O 17.Rhg1 Qh5 18.b4 e6 19.Qc5 Rfe8 20.Qxh5 Nxh5 21.e5 Bf8 22.Ne4 Bxb4
23.Bxh6 Be7 24.Bg5 Bxg5 25.Rxg5 Nf4+ 26.Ke1 Kg7 27.Nd6 Rh8 28.Rg4 Nd5 29.h4 b6
30.Rc1 Ne7 31.Rf4 Rdf8 32.Rg4 Rh5 33.Kd2 Rh7 34.Kd3 Rfh8 35.Rf4 Kg8 36.Kd2 Kf8
37.Ke2 Nd5 38.Rg4 Nb4 39.d5 Nxd5 40.Rxc6 Rxh4 41.Rc8+ Ke7 42.Rxh8 Rxh8 43.Rc4 Rh5
44.f4 Nxf4+ 45.Kf3 Nd5 46.Nc8+ Kd7 47.Nxa7 Rxe5 48.Nc6 Rf5+ 49.Ke2 Ne7 50.Nb8+ Kd6
51.Rb4 Kc7  0-1

[Event "PAB Romania Open 2012"]
[Site "Arad ROU"]
[Date "2012.07.28"]
[Round "2.1"]
[White "Manolache,M"]
[Black "Costin,P"]
[Result "1-0"]
[WhiteElo "2549"]
[BlackElo "2135"]

1.d4 d5 2.Nf3 Nf6 3.c4 c6 4.Qc2 e6 5.e3 a6 6.Nbd2 Bd6 7.Bd3 Nbd7 8.O-O O-O
9.b3 Qe7 10.Bb2 h6 11.Rfe1 Ba3 12.Rad1 Bxb2 13.Qxb2 Re8 14.Ne5 Nf8 15.b4 dxc4
16.Ndxc4 Nd5 17.a3 f6 18.Nf3 b5 19.Na5 Bd7 20.Bb1 Ra7 21.Ba2 Kh8 22.Qc1 Rc8
23.e4 Nb6 24.Qe3 Qd8 25.Rc1 Na4 26.Rc2 Rac7 27.Rec1 Be8 28.Bb3 Qd7 29.Bxa4 bxa4
30.Rc5 Ng6 31.h3 Qe7 32.Nc4 Rd8 33.Nb6 Qd6 34.Nxa4 Ne7 35.Nb6 Rb7 36.Nc4 Qb8
37.Nfd2 Rb5 38.Nb3 e5 39.dxe5 fxe5 40.Nxe5 Rxc5 41.Qxc5 Qd6 42.Qxd6 Rxd6
43.Nc5 Rd4 44.f3 a5 45.bxa5 Nc8 46.Rb1 Kh7 47.Rb7 Rd1+ 48.Kh2 Ra1 49.a4 Nd6
50.a6  1-0

[Event "45th Biel Masters Open"]
[Site "Biel SUI"]
[Date "2012.07.28"]
[Round "6"]
[White "Avrukh,B"]
[Black "Schiendorfer,E"]
[Result "1-0"]
[WhiteElo "2605"]
[BlackElo "2355"]

1.d4 d5 2.c4 c6 3.Nf3 Nf6 4.Qb3 dxc4 5.Qxc4 b5 6.Qc2 Bb7 7.e4 e6 8.Bg5 h6
9.Bh4 Nbd7 10.Nc3 Qb6 11.Be2 a6 12.Rd1 c5 13.d5 e5 14.Bxf6 Qxf6 15.a4 b4
16.Nb1 Bd6 17.Nbd2 O-O 18.a5 Rfd8 19.Nc4 Nf8 20.Nfd2 Qg6 21.Nxd6 Qxd6 22.O-O Rac8
23.Nc4 Qf6 24.Rd3 Ng6 25.g3 Rc7 26.Rf3 Qe7 27.d6 Rxd6 28.Nxd6 Qxd6 29.Rd1 Qc6
30.Bc4 Qxe4 31.Qxe4 Bxe4 32.Rd8+ Kh7 33.Rxf7 Rxf7 34.Bxf7 Ne7 35.Rd6 Nc6
36.f3 Bxf3 37.Bg6+ Kg8 38.Re6  1-0

[Event "23rd Czech Open A"]
[Site "Pardubice CZE"]
[Date "2012.07.28"]
[Round "9.65"]
[White "Mertanen,J"]
[Black "Lorscheid,G"]
[Result "1-0"]
[WhiteElo "2374"]
[BlackElo "2259"]

1.d4 d5 2.c4 c6 3.Nf3 Nf6 4.Qb3 dxc4 5.Qxc4 Bf5 6.Nc3 e6 7.g3 Be7 8.Bg2 Nbd7
9.O-O O-O 10.Re1 Ne4 11.Qb3 Qb6 12.Nh4 Bxh4 13.gxh4 Ndf6 14.f3 Nxc3 15.bxc3 Nd7
16.e4 Bg6 17.Rb1 Qxb3 18.Rxb3 b5 19.f4 Rfc8 20.Bf3 f6 21.h5 Bf7 22.e5 f5
23.h6 gxh6 24.Kf2 Bg6 25.h4 h5 26.Rg1 Kf7 27.a4 bxa4 28.Rb7 Ke8 29.Ba3 Rab8
30.Rgb1 Nb6 31.Bxc6+ Kd8 32.Be7+  1-0

[Event "Washington International 2012"]
[Site "Rockville USA"]
[Date "2012.07.28"]
[Round "1"]
[White "Fink,S"]
[Black "Foisor,S"]
[Result "0-1"]
[WhiteElo "2107"]
[BlackElo "2356"]

1.d4 d5 2.c4 c6 3.Nf3 Nf6 4.Qb3 dxc4 5.Qxc4 b5 6.Qc2 Bb7 7.e4 e6 8.Bd3 Be7
9.O-O a6 10.Nbd2 c5 11.dxc5 Nc6 12.a3 Bxc5 13.e5 Nd7 14.Ne4 Be7 15.Rd1 Rc8
16.Qb1 Qc7 17.Nd6+ Bxd6 18.exd6 Qxd6 19.Bg5 Nde5 20.Nxe5 Qxe5 21.Bh4 Ne7
22.Bxe7 Kxe7 23.Re1 Qc7 24.Be4 h5 25.Bxb7 Qxb7 26.Qf5 Rh6 27.Qg5+ Kf8 28.Rac1 Re8
29.Qc5+ Kg8 30.Qc6 Qxc6 31.Rxc6 e5 32.Rxh6 gxh6 33.Re4 Kg7 34.a4 f5 35.Rb4 Rc8
36.Kf1 Rc5 37.h4 Kf6 38.axb5 axb5 39.Ke2 Ke6 40.Rb3 Kd5 41.Rd3+ Kc6 42.Rg3 Rc2+
43.Kf3 Kd5 44.Rg6 Rxb2 45.Rxh6 Rb3+ 46.Ke2 Ke4 47.Rxh5 Rb2+ 48.Kd1 Kd3 49.Kc1 Rc2+
50.Kb1 Rxf2 51.Rg5 e4 52.Rg8 e3 53.Rd8+ Kc3 54.Rc8+ Kb3  0-1

[Event "Washington International 2012"]
[Site "Rockville USA"]
[Date "2012.07.28"]
[Round "1"]
[White "Ryba,Andrew"]
[Black "Herman,Ma"]
[Result "0-1"]
[WhiteElo "2162"]
[BlackElo "2394"]

1.d4 d5 2.Nf3 Nf6 3.c4 c6 4.Qc2 dxc4 5.Qxc4 b5 6.Qc2 e6 7.g3 Bb7 8.Bg2 Nbd7
9.O-O c5 10.dxc5 Bxc5 11.Nfd2 Rc8 12.Qb3 Bxf2+ 13.Kh1 Qb6 14.Nc3 a6 15.Qb4 Bc5
16.Qf4 Be3 17.Qb4 Bxg2+ 18.Kxg2 Qb7+ 19.Nf3 Rc4 20.Qd6 Rd4 21.Qa3 b4 22.Qa5 Bxc1
23.Raxc1 Rd2 24.a3 bxc3  0-1

[Event "PAB Romania Open 2012"]
[Site "Arad ROU"]
[Date "2012.07.29"]
[Round "3.2"]
[White "Balog,I1"]
[Black "Arngrimsson,D"]
[Result "1/2-1/2"]
[WhiteElo "2542"]
[BlackElo "2366"]

1.Nf3 Nf6 2.d4 d5 3.c4 c6 4.Qb3 dxc4 5.Qxc4 Bg4 6.Nc3 Nbd7 7.e4 Bxf3 8.gxf3 e5
9.dxe5 Nxe5 10.Qe2 Bb4 11.f4 Ng6 12.f5 Ne5 13.Bd2 Qe7 14.f4 Bxc3 15.Bxc3 Nxe4
16.fxe5 Qh4+ 17.Kd1 Nf2+ 18.Kc2 Nxh1 19.Bg2 Nf2 20.Be1 O-O 21.Bxf2 Qxh2 22.Qe4 Rfe8
23.Bd4 Rad8 24.Bc3 Rd5 25.Re1 Rc5 26.e6 fxe6 27.fxe6 Rg5 28.Re2 Qh5 29.Qd3 Rg3
30.Qc4 Qg4 31.Qxg4 Rxg4 32.Be4 h5 33.Bf5 Rg5 34.Bd3 h4 35.Bd2 Rg1 36.Bf5 g6
37.Bh3 Rg3 38.Re3 Kg7 39.Kd3 Kf6 40.Rxg3 hxg3 41.Ke2 Rxe6+ 42.Bxe6 Kxe6 43.Be3 b6
44.Bf4 g2 45.Be3 Kd5 46.Kd3 c5 47.Bg1 a6 48.Kc3 b5 49.a3 a5 50.Bf2 g5 51.Bg1 g4
52.b3 c4 53.bxc4+ bxc4 54.a4 g3 55.Ba7 g1=Q  1/2-1/2